000 00833nmc a2200289 a 4500
003 AR-BaBNM
005 20251128211739.0
008 106020s2003 ||||||||||||||000 | spa||
020 _a84-8063-573-8
040 _cAR-BaBNM
100 1 _aOliver Vera, M. Carmen
245 1 0 _aEstrategias didácticas y organizativas ante la diversidad
_bdilemas del profesorado
250 _a1ª ed.
260 _aBarcelona
_bOctaedro
_c2003
_bEUB
300 0 _a318 p.
490 0 _aPsicopedagogía
504 _aContiene referencias bibliográficas
650 4 _aORGANIZACION ESCOLAR
651 4 _aEspaña
653 0 _aESTRATEGIAS DIDACTICAS
653 0 _aESTRATEGIAS EDUCATIVAS
653 0 _aGESTION INSTITUCIONAL
653 0 _aGESTION CURRICULAR
653 0 _aEDUCACION EN LA DIVERSIDAD
942 _cBK
998 _cme-solo cat
999 _c20941
_d20941